000 00646nam a2200205 a 4500
001 21719
003 CO-ViMGA
008 141112s2004 ck r 000 u spa d
020 _a8426132073
040 _aCO-ViMGA
_bspa
_cCO-ViMGA
082 0 4 _aGEIma
100 1 _aGeisler, Dagmar
_930999
245 1 0 _aMax no tiene sueño
260 _aBarcelona :
_bJuventud,
_c2001
300 _a30
590 _aForma de adquisición : Donación fact. 8857 - - Precio : 56700 - - Proveedor : Fundación exito - - Fecha de adquisición : Julio 2007
650 1 4 _aCUENTOS INFANTILES ALEMANES
650 1 4 _aOSOS - CUENTOS INFANTILES
_931000
942 _2ddc
_cBK
999 _c30278
_d30278